|
|
|
|
| LEADER |
00000cac a2200000 i 4500 |
| 003 |
Ucuenca |
| 005 |
20230705111651.0 |
| 006 |
a||||gr|||| 001 0 |
| 007 |
ta |
| 008 |
967122s1955 mx ||||r|||||||1|||spa a |
| 040 |
|
|
|b spa
|a UCuenca-cdrjbv
|c UCuenca
|e rda
|
| 041 |
1 |
|
|a ger
|
| 082 |
0 |
|
|2 21
|a 109
|c 54854-3
|
| 100 |
1 |
|
|a Hegel, Georg Wilhelm Friedrich.
|d 1770-1831
|e autor
|9 271617
|
| 240 |
1 |
0 |
|a Vorlesungen uber die Geschichte der Philosophie.
|l Español
|
| 245 |
1 |
0 |
|a Lecciones sobre la historia de la filosofía.
|b Tomo 3 /
|c G. W. F. Hegel, Wenceslao Roces, traductor, Elsa Cecilia Frost, editor.
|
| 250 |
|
|
|a Primera edición
|
| 264 |
|
1 |
|a México:
|b Fondo de Cultura Económica,
|c 1955.
|
| 300 |
|
|
|a 534 páginas:
|c 22 cm
|
| 336 |
|
|
|2 rdacontent
|a texto
|b txt
|
| 337 |
|
|
|2 rdamedia
|a no mediado
|b n
|
| 338 |
|
|
|2 rdacarrier
|a volumen
|b nc
|
| 490 |
1 |
|
|a Textos Clásicos de Filosofía
|
| 504 |
|
|
|a incl. ref.
|
| 504 |
|
|
|a incl. indnom.
|
| 650 |
1 |
7 |
|2 UCuenca-cdrjbv
|a Historia de la filosofía
|9 3388
|
| 650 |
1 |
4 |
|a Filosofía griega
|9 8434
|
| 650 |
1 |
7 |
|2 UCuenca-cdrjbv
|a Filosofía moderna
|9 1262
|
| 651 |
|
|
|2 UCuenca-cdrjbv
|
| 700 |
1 |
|
|9 258996
|a Roces, Wenceslao.
|e traductor
|
| 700 |
1 |
|
|9 22109
|a Frost, Elsa Cecilia.
|e editor
|
| 852 |
|
|
|a UC-CDJBV
|
| 942 |
|
|
|z diana.fajardo@ucuenca.edu.ec
|2 ddc
|c CR
|r luz.vázquez@ucuenca.edu.ec
|
| 999 |
|
|
|c 115327
|d 115327
|